Medagliere Olimpiadi invernali Vancouver 2010 - Statistics

Statistiche generali
  • Questo quiz è stato fatto 6 volte
  • Il punteggio medio è 9 su 10
Statistiche sulle risposte
Medaglie d'Oro Medaglie d'Argento Medaglie di Bronzo Medaglie complessive Rappresentativa olimpica % Corretto
14 7 5 26 Canada
100%
5 2 4 11 Cina
100%
2 3 6 11 Francia
100%
10 13 7 30 Germania
100%
9 8 6 23 Norvegia
100%
9 15 13 37 Stati Uniti
100%
5 2 4 11 Svezia
100%
3 5 7 15 Russia
83%
4 6 6 16 Austria
67%
6 6 2 14 Corea del Sud
50%
Nessun quiz corrispondente trovato
Distribuzione punteggi
Percentuale di utenti per punteggio
Percentile per numero di risposta
I tuoi punteggi nel tempo
Non hai fatto questo quiz